The Missing Word - Leonardo DiCaprio's Movies - Statistics

General Stats
  • This quiz has been taken 93 times
  • The average score is 18 of 20
Answer Stats
Hint Answer % Correct
___ Me If You Can Catch
99%
The Great ___ Gatsby
99%
___ + Juliet Romeo
99%
Once Upon a Time in ___ Hollywood
98%
Don't ___ Up Look
98%
The ___ of Wall Street Wolf
98%
___ Unchained Django
96%
___ Diamond Blood
94%
___ Island Shutter
94%
___ Eclipse Total
93%
The Man in the ___ Mask Iron
92%
Body of ___ Lies
88%
The Basketball ___ Diaries
87%
___'s Room Marvin
87%
___ of New York Gangs
84%
___ Edgar J.
84%
The ___ Revenant
83%
Killers of the ___ Moon Flower
77%
___ Titanic
77%
What's Eating Gilbert ___ Grape
76%
No matching quizzes found
Score Distribution
Percent of People with Each Score
Percentile by Number Answered
Your Score History
You have not taken this quiz